Welcome to CU Library Online Public Access Catalogue (OPAC)

How the immune system works / (Record no. 3377)

MARC details
000 -LEADER
fixed length control field 00577cam a2200205 a 4500
001 - CONTROL NUMBER
control field 3577273
005 - DATE AND TIME OF LATEST TRANSACTION
control field 20250203082108.0
008 - FIXED-LENGTH DATA ELEMENTS--GENERAL INFORMATION
fixed length control field 981223s1999 maua 001 0 eng
020 ## - INTERNATIONAL STANDARD BOOK NUMBER
International Standard Book Number 0632044136
050 00 - LIBRARY OF CONGRESS CALL NUMBER
Classification number QR181
Item number .S65 1999
082 00 - DEWEY DECIMAL CLASSIFICATION NUMBER
Classification number 616.07/9
Edition information 21
100 1# - MAIN ENTRY--PERSONAL NAME
Personal name Sompayrac, Lauren.
245 10 - TITLE STATEMENT
Title How the immune system works /
Statement of responsibility, etc. Lauren Sompayrac.
260 ## - PUBLICATION, DISTRIBUTION, ETC.
Place of publication, distribution, etc. Malden, Mass. :
Name of publisher, distributor, etc. Blackwell Science,
Date of publication, distribution, etc. 1999.
300 ## - PHYSICAL DESCRIPTION
Extent vii, 111 p. :
Other physical details ill. (some col.) ;
Dimensions 28 cm.
500 ## - GENERAL NOTE
General note Includes index.
650 #0 - SUBJECT ADDED ENTRY--TOPICAL TERM
Topical term or geographic name entry element Immune system.
650 #0 - SUBJECT ADDED ENTRY--TOPICAL TERM
Topical term or geographic name entry element Immunity.
942 ## - ADDED ENTRY ELEMENTS (KOHA)
Source of classification or shelving scheme Library of Congress Classification
Koha item type Books
Suppress in OPAC No
999 ## -
-- 3377
-- 3377
Holdings
Withdrawn status Lost status Source of classification or shelving scheme Damaged status Not for loan Collection Home library Current library Shelving location Date acquired Total checkouts Full call number Barcode Date last seen Copy number Price effective from Koha item type
    Library of Congress Classification     Non-fiction Science Library (Miotso) Science Library (Miotso) General stacks 02/03/2025   QR181 .S65 SOM SLM00002828 02/03/2025 1 02/03/2025 Books
© 2023-2024 Copyright: Central University Libraries. All Rights Reserved | Created by: Mahone Tech Office